00543nam a22001577a 450000500170000000800410001702000180005804100080007608200170008410000180010124500770011926000390019630000230023565000830025870000440034120250403130212.0250403b |||||||| |||| 00| 0 eng d a9798886130805 aeng a 005.824 SWA aSwan, Melanie aQuantum Computing: Physics Blockchains and Deep Learning Smart Networks aNew JerseybWorld scientificc2024 a377;. pages: 23 cm aQuantum Computing; Blockchains (Databases) ; Finance-Technological Innovations aSantos, Renato P. dos and Witte, Frank